00717nam a2200241 a 4500001001300000003000900013005001700022008004100039020001000080082001600090100002000106245003900126260004900165300000800214500003500222505002800257650002300285700002000308902000800328942000700336952011700343999001500460nice12345678IN_TiNIC20260116012252.0050524s1949 pria grp 000 0 ara  ac10000a492.78bZIA aZiadeh, Farhath aArabic Primer, Mubadi Al Arabiytah aPrincetonbPrinceton University Press c1949 a47p aincludes index and biblioraphy2 aIndex to preface, notes aArabic-Course Book1 aZiadeh, Farhath bSRS cBK 001040708StackRoom-aHMIbHMId2007-06-08g100.00l0o492.78 ZIAp012082r2007-06-08v100.00w2005-05-24yBK c6323d6323